Capitals of Former Yugoslavia Countries - Click Quiz - Statistics

General Stats
  • This quiz has been taken 193 times
  • The average score is 6 of 7
Answer Stats
Hint Answer % Correct
Slovenia Ljubljana
84%
Bosnia and Herzegovina Sarajevo
82%
Serbia Belgrade
81%
Montenegro Podgorica
79%
Croatia Zagreb
79%
Kosovo Pristina
75%
North Macedonia Skopje
75%
No matching quizzes found
Score Distribution
Percent of People with Each Score
Percentile by Number Answered
Your Score History
You have not taken this quiz